00662nam a2200241Ia 4500001000600000003000900006008004100015040001300056040001300069041001300082100003400095100002900129245002900158245001500187250001100202260001000213260001200223260004900235300005700284500002400341650002400365650003100389B3781IT-RoPAU130308s9999 xx 000 0 und d aIT-RoPAU cIT-RoPAU aSPAGNOLO aVidal Martinez (Hervi) Hernan gCodice Aut. SPICS: 37864 aCaricatura en Chile (La) bCaricatura a1a ed. aQUITO bCiespal c1990 [1° Ed.:1990 - Ed.Ling.Originale:1990] a"14 p. (prefazione: no ; testo: 14 [pagine: 81-94])" aCaricatura in Cile. aSAGGI DI SEMIOLOGIA eCodice materia Spics: 3257